00880cam a22002411 45000010005000000030008000050050017000130080041000300350018000710350018000890400045001070410008001520820019001601000036001792450077002152600130002923000035004224900034004575040031004916500032005226510038005547100046005927321BD-RjUL20211208234410.0140113s1966 enka b 000 0 eng d a(BD-RjUL)7364 a(OCoLC)316512 aDLCcOCUdOCoLCdUkdDLCd(BD-RjUL)beng aeng00a382.30942bWET1 aWells, Sidney J.q(Sidney John)10aTrade policies for Britain:ba study in alternatives /cby Sidney Wells. aLondon :aNew York [etc.]bIssued under the auspices of the Royal Institute of International Affairs [by] Oxford U.P.,c1966. ax, 137 p. :btables. ;c19 cm.0 aChatham House essays,vno. 12 aBibliographical footnotes.0 aTrade policies for Britain: 0aGreat BritainxCommercial policy.2 aRoyal Institute of International Affairs.